01439nam a22003737a 4500003000500000005001700005008004100022010000900063011000900072035000900081040000900090090001000099100003800109245008700147260004200234300001000276502006700286590003700353590004100390590004100431590004100472590004200513650003600555650002500591650002800616650002900644901000700673942000900680949004400689949005700733999001500790952013300805952012700938CHAP20220817041222.0971013s1992 r 00010 d a8960 a9932 a9168 cCHAP aTesis00aMartínez Loeza, Alfonso.972219 aProducción de semillas de jitomate bajo hidroponia en condiciones de invernadero aMontecillo, Méx. :bEl autor,c1992 a113 h aTesis (M. C. Esp. en Genética) -- C. P. Centro de Genética aALEPHb10c20130110lUCH01h1224 aBATCH-UPDb10c20130110lUCH01h0915 aBATCH-UPDb10c20130410lUCH01h0539 aBATCH-UPDb10c20130914lUCH01h1128 aCONVERSIONb10c20130109lUCH01h130614aCultivos en invernadero.93037614aHidroponía.95528014aSemillasxMejoramiento.14aTomatexSemilla.9113765 aBK cFOLL bBCcTESd-19728eTS1h25758i9168mDsi bBCcTESd33724000905113eTS2fc.2h25759i9168mDsi c8960d8960 00102local4053708TESISaBCbBCcPA_TESISd2019-12-31fTESISl0p33724000905113r2019-12-31 00:00:00tc.2w2019-12-31yTESIS 00102local4051708TESISaBCbBCcPA_TESISd2019-12-31fTESISl0oTesisp-19728r2019-12-31 00:00:00w2019-12-31yTESIS